[Event "IECC KO-1055"]
[Site "IECC email"]
[Date "2006.05.31"]
[Round "?"]
[White "Jolette, Daniel"]
[Black "Hilton, Jim"]
[Result "0-1"]
[WhiteElo "1166"]
[BlackElo "1091"]
[PlyCount "80"]
[EventDate "2005.??.??"]
[EventType "match (corr)"]
[EventRounds "2"]
[SourceTitle "Corr 2008"]
[Source "ChessBase"]
[SourceDate "2008.06.24"]
[SourceVersion "1"]
[SourceVersionDate "2008.06.24"]
[SourceQuality "1"]

1. d4 d5 2. Nc3 c5 3. Bf4 cxd4 4. Qxd4 Nf6 5. 0-0-0 Nc6 6. Qa4 e6 7. Nb5 Kd7 8. Nf3 Ne4 9. Bc7 Qf6 10. Be5 Nxe5 11. Nxe5+ Qxe5 12. Nc3+ Kd8 13. Nxe4 Bd7 14. Qb3 Qxe4 15. f3 Qf4+ 16. Rd2 b6 17. e3 Qb4 18. Qxb4 Bxb4 19. Rd4 Bd6 20. e4 Bc5 21. Rd2 Be3 22. exd5 Bxd2+ 23. Kxd2 exd5 24. Bd3 Rc8 25. Re1 Re8 26. Bxh7 Rxe1 27. Kxe1 Kc7 28. h3 Re8+ 29. Kd2 Bb5 30. Bd3 a6 31. Bxb5 axb5 32. Kd3 Kc6 33. b4 Re1 34. h4 Ra1 35. Kd4 Rxa2 36. Ke5 Rxc2 37. g4 Rh2 38. h5 g6 39. hxg6 fxg6 40. f4 Re2+ 0-1

[Event "IECC CL7-2005.14 email"]
[Site "IECC email"]
[Date "2005.09.21"]
[Round "?"]
[White "Hilton, Jim"]
[Black "Simmons, Ernest"]
[Result "1-0"]
[WhiteElo "1061"]
[BlackElo "1032"]
[PlyCount "63"]
[EventDate "2005.??.??"]
[EventType "tourn (corr)"]
[EventRounds "4"]
[SourceTitle "Corr 2008"]
[Source "ChessBase"]
[SourceDate "2008.06.24"]
[SourceVersion "1"]
[SourceVersionDate "2008.06.24"]
[SourceQuality "1"]

1. d4 Nf6 2. Nc3 e6 3. e4 d5 4. e5 Nfd7 5. Bd2 a6 6. Bd3 Be7 7. Qg4 g6 8. Bh6 Bf8 9. Bg5 Be7 10. Nh3 Bxg5 11. Nxg5 Nc6 12. h4 h5 13. Qf4 Qe7 14. 0-0-0 Nb6 15. g4 Qf8 16. gxh5 Rxh5 17. Rh3 Bd7 18. Rf3 Nd8 19. Bxg6 Rh8 20. Nxf7 Nxf7 21. Bxf7+ Kd8 22. Qf6+ Kc8 23. Rh1 c6 24. Ne2 Kc7 25. Nf4 Qh6 26. b3 Qxf6 27. exf6 Kd6 28. Ng6 Rh7 29. Ne5 Rf8 30. h5 Nc8 31. Bg6 Rh6 32. Nf7+ 1-0

[Event "IECC CL7-2005.14 email"]
[Site "IECC email"]
[Date "2005.09.21"]
[Round "?"]
[White "Jolette, Daniel"]
[Black "Hilton, Jim"]
[Result "1-0"]
[WhiteElo "1147"]
[BlackElo "1088"]
[PlyCount "77"]
[EventDate "2005.??.??"]
[EventType "tourn (corr)"]
[EventRounds "4"]
[SourceTitle "Corr 2020"]
[Source "ChessBase"]
[SourceDate "2019.09.30"]
[SourceVersion "1"]
[SourceVersionDate "2019.09.30"]
[SourceQuality "1"]
[WhiteTeam "Canada"]
[BlackTeam "United States"]
[WhiteTeamCountry "CAN"]
[BlackTeamCountry "USA"]

1. d4 d5 2. Nc3 Nc6 3. e3 Nf6 4. Bb5 Bd7 5. Nf3 e6 6. Ne5 Nxe5 7. dxe5 Ne4 8. Bxd7+ Qxd7 9. Nxe4 dxe4 10. Qxd7+ Kxd7 11. 0-0 g6 12. Rd1+ Kc6 13. b3 Bg7 14. Bb2 Rad8 15. Bd4 Rd5 16. c4 Ra5 17. a4 Bxe5 18. b4 Bxd4 19. Rxd4 Re5 20. b5+ Kc5 21. Rc1 f5 22. Rd7 Kb6 23. Ra1 a5 24. Rc1 c5 25. Rd6+ Ka7 26. Rcd1 g5 27. Rd7 f4 28. Rc7 f3 29. Rdd7 Rb8 30. Rd6 Rf8 31. g4 Kb8 32. Rxh7 Kc8 33. Rb6 Rd8 34. h3 Rd1+ 35. Kh2 Rf1 36. Kg3 Rc1 37. Rbxb7 Rxc4 38. Rhc7+ Kd8 39. b6 1-0

[Event "IECC CL8-2005.05 email"]
[Site "IECC email"]
[Date "2005.06.20"]
[Round "?"]
[White "Butcher, Robert"]
[Black "Hilton, Jim"]
[Result "0-1"]
[WhiteElo "936"]
[BlackElo "994"]
[PlyCount "56"]
[EventDate "2005.??.??"]
[EventType "tourn (corr)"]
[EventRounds "4"]
[SourceTitle "Corr 2020"]
[Source "ChessBase"]
[SourceDate "2019.09.30"]
[SourceVersion "1"]
[SourceVersionDate "2019.09.30"]
[SourceQuality "1"]
[WhiteTeam "United States"]
[BlackTeam "United States"]
[WhiteTeamCountry "USA"]
[BlackTeamCountry "USA"]

1. e4 e5 2. Nf3 Nf6 3. Bc4 Nxe4 4. d4 Qe7 5. Nxe5 Nc6 6. Nxf7 Nc3+ 7. Be3 Nxd1 8. Kxd1 Qb4 9. b3 Rg8 10. Re1 Be7 11. Nd2 Qc3 12. Rb1 d5 13. Bxd5 Nb4 14. Bg5 Qxc2+ 15. Ke2 Nxd5 16. Bxe7 Nxe7 17. Ne5 Bf5 18. Rbc1 Qxa2 19. Rxc7 Rc8 20. Rxc8+ Bxc8 21. Nec4 Be6 22. Kd3 Bxc4+ 23. bxc4 Kf7 24. Re3 Rc8 25. g4 Nc6 26. Rf3+ Kg8 27. Ke3 Nxd4 28. Rf4 Re8+ 0-1

[Event "P-3939"]
[Site "IECC email"]
[Date "2005.05.20"]
[Round "?"]
[White "Hilton, Jim"]
[Black "Agnew, George"]
[Result "1-0"]
[WhiteElo "974"]
[BlackElo "1064"]
[PlyCount "47"]
[EventDate "2005.??.??"]
[EventType "tourn (corr)"]
[SourceTitle "Corr 2020"]
[Source "ChessBase"]
[SourceDate "2019.09.30"]
[SourceVersion "1"]
[SourceVersionDate "2019.09.30"]
[SourceQuality "1"]
[WhiteTeam "United States"]
[BlackTeam "United States"]
[WhiteTeamCountry "USA"]
[BlackTeamCountry "USA"]

1. e4 e5 2. Nf3 Nc6 3. Bc4 Nf6 4. Ng5 d5 5. exd5 Nxd5 6. Nxf7 Kxf7 7. Qf3+ Ke6 8. Nc3 Nce7 9. d4 Qd6 10. Bg5 c6 11. 0-0 h6 12. Bxe7 Bxe7 13. Rfe1 Bf6 14. a4 Rd8 15. Rad1 b6 16. dxe5 Bxe5 17. Nxd5 cxd5 18. Bxd5+ Qxd5 19. Rxd5 Rxd5 20. c4 Rd7 21. Qxa8 Bb7 22. Qe8+ Re7 23. Rxe5+ Kxe5 24. Qxe7+ 1-0

[Event "IECC M-5182"]
[Site "IECC email"]
[Date "2005.01.04"]
[Round "?"]
[White "Detain, Tom"]
[Black "Hilton, Jim"]
[Result "1-0"]
[WhiteElo "1098"]
[BlackElo "1030"]
[PlyCount "44"]
[EventDate "2005.??.??"]
[EventType "tourn (corr)"]
[EventRounds "10"]
[SourceTitle "Corr 2020"]
[Source "ChessBase"]
[SourceDate "2019.09.30"]
[SourceVersion "1"]
[SourceVersionDate "2019.09.30"]
[SourceQuality "1"]
[WhiteTeam "England"]
[BlackTeam "United States"]
[WhiteTeamCountry "ENG"]
[BlackTeamCountry "USA"]

1. d4 d5 2. c4 Nf6 3. Nc3 e6 4. Nf3 b6 5. Bf4 Ba6 6. cxd5 Nxd5 7. Nxd5 Qxd5 8. a3 Bd6 9. Qd2 0-0 10. g3 Bxf4 11. Qxf4 Qa5+ 12. b4 Qd5 13. e4 Qc6 14. Bxa6 Qc3+ 15. Ke2 Nxa6 16. Rhc1 Qb2+ 17. Qd2 Qxd2+ 18. Nxd2 f5 19. b5 Nb8 20. Rxc7 fxe4 21. Nxe4 Rd8 22. Ng5 Rxd4 1-0

[Event "IECC CL7-2004.21 email"]
[Site "IECC email"]
[Date "2005.01.02"]
[Round "?"]
[White "Ballueder, Volker"]
[Black "Hilton, Jim"]
[Result "0-1"]
[WhiteElo "957"]
[BlackElo "983"]
[PlyCount "62"]
[EventDate "2005.??.??"]
[EventType "tourn (corr)"]
[EventRounds "4"]
[SourceTitle "Corr 2020"]
[Source "ChessBase"]
[SourceDate "2019.09.30"]
[SourceVersion "1"]
[SourceVersionDate "2019.09.30"]
[SourceQuality "1"]
[WhiteTeam "England"]
[BlackTeam "United States"]
[WhiteTeamCountry "ENG"]
[BlackTeamCountry "USA"]

1. c4 e5 2. Nc3 Nf6 3. e4 Bc5 4. h3 0-0 5. Nf3 Nc6 6. Be2 d6 7. 0-0 Be6 8. d3 Qd7 9. Ng5 Nd4 10. Nd5 Bxd5 11. cxd5 c6 12. dxc6 bxc6 13. b3 d5 14. Be3 h6 15. Nf3 dxe4 16. dxe4 Nxe4 17. Nxe5 Qe6 18. Nc4 Rad8 19. Bg4 f5 20. Bf3 f4 21. Bxe4 fxe3 22. fxe3 Qxe4 23. Rc1 Nf5 24. Qe1 Nxe3 25. Nxe3 Bxe3+ 26. Kh1 Rxf1+ 27. Qxf1 Bxc1 28. Qxc1 Re8 29. Kh2 Qe5+ 30. g3 Qe2+ 31. Kg1 Qe3+ 0-1

[Event "IECC KO-1050"]
[Site "IECC email"]
[Date "2004.11.05"]
[Round "?"]
[White "Bevilacqua, Marco"]
[Black "Hilton, Jim"]
[Result "1-0"]
[WhiteElo "1189"]
[BlackElo "1023"]
[PlyCount "59"]
[EventDate "2004.??.??"]
[EventType "match (corr)"]
[EventRounds "2"]
[SourceTitle "Corr 2020"]
[Source "ChessBase"]
[SourceDate "2019.09.30"]
[SourceVersion "1"]
[SourceVersionDate "2019.09.30"]
[SourceQuality "1"]
[WhiteTeam "Italy"]
[BlackTeam "United States"]
[WhiteTeamCountry "ITA"]
[BlackTeamCountry "USA"]

1. e4 e5 2. Nf3 Nf6 3. Bb5 Bc5 4. 0-0 c6 5. Ba4 Nxe4 6. Qe2 d5 7. Nxe5 0-0 8. Nd3 Qe7 9. Nxc5 Qxc5 10. d3 Nf6 11. Qe3 Na6 12. Qxc5 Nxc5 13. Nc3 d4 14. Ne2 Nxa4 15. b3 Re8 16. Nxd4 Nc3 17. Bb2 Nfd5 18. Rfe1 Bd7 19. Nf3 Bg4 20. Ne5 Nb4 21. Nxg4 Ne2+ 22. Kf1 Nf4 23. Ne3 Rxe3 24. fxe3 Nxc2 25. exf4 Nxe1 26. Rxe1 b5 27. Re7 Rd8 28. Rxa7 g6 29. a4 Rxd3 30. Ra8+ 1-0

[Event "IECC KO-1050"]
[Site "IECC email"]
[Date "2004.11.05"]
[Round "?"]
[White "Hilton, Jim"]
[Black "Bevilacqua, Marco"]
[Result "0-1"]
[WhiteElo "982"]
[BlackElo "1197"]
[PlyCount "78"]
[EventDate "2004.??.??"]
[EventType "match (corr)"]
[EventRounds "2"]
[SourceTitle "Corr 2020"]
[Source "ChessBase"]
[SourceDate "2019.09.30"]
[SourceVersion "1"]
[SourceVersionDate "2019.09.30"]
[SourceQuality "1"]
[WhiteTeam "United States"]
[BlackTeam "Italy"]
[WhiteTeamCountry "USA"]
[BlackTeamCountry "ITA"]

1. d4 Nf6 2. c4 e6 3. Nc3 Bb4 4. Bd2 0-0 5. e4 Nc6 6. Nf3 d6 7. Be2 Bxc3 8. Bxc3 Nxe4 9. 0-0 Nxc3 10. bxc3 e5 11. Qd2 e4 12. Ng5 Re8 13. Qf4 f5 14. c5 d5 15. g4 Rf8 16. h4 h6 17. Nh7 Kxh7 18. g5 hxg5 19. hxg5 Kg6 20. Kg2 Qxg5+ 21. Qxg5+ Kxg5 22. Rh1 f4 23. Rag1 Bg4 24. Kf1 f3 25. Bd1 Rh8 26. Ke1 Rxh1 27. Rxh1 Ne7 28. Bb3 c6 29. c4 dxc4 30. Bxc4 Rd8 31. Rg1 Rxd4 32. Be6 Nf5 33. Bc8 Rc4 34. Kd2 Rb4 35. Kc3 Rb5 36. Kc4 Rb2 37. Kc3 Rxf2 38. Bxb7 Rg2 39. Rf1 e3 0-1

[Event "IECC CL7-2004.12 email"]
[Site "IECC email"]
[Date "2004.07.27"]
[Round "?"]
[White "Clark, Ted"]
[Black "Hilton, Jim"]
[Result "1-0"]
[WhiteElo "1057"]
[BlackElo "1080"]
[PlyCount "40"]
[EventDate "2004.??.??"]
[EventType "tourn (corr)"]
[EventRounds "4"]
[SourceTitle "Corr 2008"]
[Source "ChessBase"]
[SourceDate "2008.06.24"]
[SourceVersion "1"]
[SourceVersionDate "2008.06.24"]
[SourceQuality "1"]

1. d4 d5 2. c4 dxc4 3. Nf3 Be6 4. e4 c6 5. Ng5 b5 6. Nxe6 fxe6 7. e5 Nd7 8. Nc3 c5 9. f4 cxd4 10. Qxd4 g6 11. Nxb5 Qa5+ 12. Nc3 Nb6 13. Bxc4 Nxc4 14. Qxc4 g5 15. Qc6+ Kf7 16. Qxa8 Bg7 17. Qf3 h5 18. fxg5+ Ke8 19. 0-0 Qc5+ 20. Be3 Qxe5 1-0

[Event "IECC CL7-2004.12 email"]
[Site "IECC email"]
[Date "2004.07.27"]
[Round "?"]
[White "Hilton, Jim"]
[Black "Duteau, Jean Henri"]
[Result "0-1"]
[WhiteElo "1063"]
[BlackElo "1157"]
[PlyCount "56"]
[EventDate "2004.??.??"]
[EventType "tourn (corr)"]
[EventRounds "4"]
[SourceTitle "Corr 2008"]
[Source "ChessBase"]
[SourceDate "2008.06.24"]
[SourceVersion "1"]
[SourceVersionDate "2008.06.24"]
[SourceQuality "1"]

1. e4 d6 2. d4 Nf6 3. Nc3 g6 4. Nf3 Bg7 5. Bc4 0-0 6. 0-0 Bg4 7. Be3 Nbd7 8. e5 dxe5 9. dxe5 Bxf3 10. gxf3 Nxe5 11. Be2 a5 12. Nb5 Qc8 13. f4 Neg4 14. Nxc7 Nxe3 15. fxe3 Qxc7 16. Qd3 Qc8 17. Rfd1 Ng4 18. Bxg4 Qxg4+ 19. Kh1 Bxb2 20. Rab1 Qf3+ 21. Kg1 Rad8 22. Qxd8 Qxe3+ 23. Kf1 Rxd8 24. Rxd8+ Kg7 25. Rd3 Qxf4+ 26. Ke2 Qxh2+ 27. Ke3 Qxc2 28. Rdd1 e5 0-1

[Event "P-3643"]
[Site "IECC email"]
[Date "2004.03.08"]
[Round "?"]
[White "Hilton, Jim"]
[Black "Tysse, Terje"]
[Result "0-1"]
[WhiteElo "1045"]
[BlackElo "1147"]
[PlyCount "36"]
[EventDate "2004.??.??"]
[EventType "tourn (corr)"]
[SourceTitle "Corr 2020"]
[Source "ChessBase"]
[SourceDate "2019.09.30"]
[SourceVersion "1"]
[SourceVersionDate "2019.09.30"]
[SourceQuality "1"]
[WhiteTeam "United States"]
[BlackTeam "Norway"]
[WhiteTeamCountry "USA"]
[BlackTeamCountry "NOR"]

1. e4 e5 2. Nf3 Nc6 3. Bc4 Bc5 4. 0-0 d6 5. Nc3 Nf6 6. d3 0-0 7. Qe2 Bg4 8. Be3 Nd4 9. a3 Nxf3+ 10. gxf3 Bh3 11. Rfb1 c6 12. b4 Bd4 13. Bxd4 exd4 14. Na2 Nd5 15. Kh1 Nf4 16. Qf1 Qg5 17. Qxh3 Nxh3 18. Rg1 Nxf2# 0-1

[Event "IECC CL7-2002.21"]
[Site "IECC email"]
[Date "2002.10.01"]
[Round "?"]
[White "Hilton, Jim"]
[Black "Copin, Jean Christophe"]
[Result "0-1"]
[WhiteElo "1039"]
[BlackElo "1148"]
[PlyCount "42"]
[EventDate "2002.??.??"]
[EventType "tourn (corr)"]
[EventRounds "4"]
[SourceTitle "Corr 2008"]
[Source "ChessBase"]
[SourceDate "2008.06.24"]
[SourceVersion "1"]
[SourceVersionDate "2008.06.24"]
[SourceQuality "1"]

1. e4 e6 2. Nf3 d5 3. Nc3 Bb4 4. Be2 d4 5. Nb5 c5 6. 0-0 a6 7. Na3 b5 8. c3 Bxa3 9. bxa3 d3 10. Bb2 c4 11. a4 Bb7 12. axb5 axb5 13. Bxd3 Qxd3 14. e5 Nd7 15. Nd4 Nxe5 16. Nxe6 Qg6 17. Nf4 Qg5 18. g3 Nf3+ 19. Kh1 Qh6 20. h3 Ne7 21. Ba3 g5 0-1

[Event "IECC M email"]
[Site "IECC email"]
[Date "2001.11.06"]
[Round "?"]
[White "Jeffrey, Jack Thomas"]
[Black "Hilton, Jim"]
[Result "1-0"]
[WhiteElo "983"]
[BlackElo "1090"]
[PlyCount "73"]
[EventDate "2001.??.??"]
[EventType "tourn (corr)"]
[EventRounds "6"]
[SourceTitle "Corr 2008"]
[Source "ChessBase"]
[SourceDate "2008.06.24"]
[SourceVersion "1"]
[SourceVersionDate "2008.06.24"]
[SourceQuality "1"]

1. e4 e5 2. Nf3 Nf6 3. Bb5 c6 4. Bd3 d5 5. Qe2 dxe4 6. Bxe4 Nxe4 7. Qxe4 f6 8. 0-0 Be7 9. c4 0-0 10. d3 Nd7 11. a3 Nc5 12. Qe3 Nxd3 13. Rd1 Bc5 14. Qxd3 Qxd3 15. Rxd3 e4 16. Rc3 exf3 17. g3 Re8 18. Be3 Bd4 19. Rd3 Bxb2 20. Ra2 Bf5 21. Rd1 Rad8 22. Rxd8 Rxd8 23. Nd2 Bd4 24. Nxf3 Bxe3 25. fxe3 Bh3 26. Rd2 Rxd2 27. Nxd2 c5 28. Kf2 a6 29. a4 Bd7 30. a5 b5 31. axb6 Bc6 32. Ke2 a5 33. Nb3 a4 34. Nxc5 a3 35. Nb3 a2 36. Kd3 Ba4 37. b7 1-0

[Event "IECC KO email"]
[Site "IECC email"]
[Date "2001.09.08"]
[Round "?"]
[White "Hilton, Jim"]
[Black "Aalto, Pekka"]
[Result "1-0"]
[WhiteElo "1170"]
[BlackElo "1012"]
[PlyCount "51"]
[EventDate "2001.??.??"]
[EventType "tourn (corr)"]
[EventRounds "6"]
[SourceTitle "Corr 2008"]
[Source "ChessBase"]
[SourceDate "2008.06.24"]
[SourceVersion "1"]
[SourceVersionDate "2008.06.24"]
[SourceQuality "1"]

1. e4 e5 2. Nf3 d6 3. Bc4 h6 4. 0-0 Be7 5. c3 Nf6 6. Qe2 Nh5 7. Nxe5 dxe5 8. Qxh5 g6 9. Qxe5 Rf8 10. d4 Nc6 11. Qg7 Bg5 12. f4 Bf6 13. Qxh6 Nxd4 14. e5 Nf5 15. Qh3 Be7 16. Nd2 Bc5+ 17. Kh1 Nh4 18. Qg3 Bd7 19. Ne4 Be7 20. f5 Bxf5 21. Bh6 Rg8 22. Bg5 Rh8 23. Nf6+ Kf8 24. Rad1 Qc8 25. Bxh4 Bxf6 26. Bxf6 1-0

[Event "IECC CL7-2001.16"]
[Site "IECC email"]
[Date "2001.06.23"]
[Round "?"]
[White "Hilton, Jim"]
[Black "Frans, Alex"]
[Result "0-1"]
[WhiteElo "1055"]
[BlackElo "1207"]
[PlyCount "70"]
[EventDate "2001.??.??"]
[EventType "tourn (corr)"]
[EventRounds "4"]
[SourceTitle "Corr 2020"]
[Source "ChessBase"]
[SourceDate "2019.09.30"]
[SourceVersion "1"]
[SourceVersionDate "2019.09.30"]
[SourceQuality "1"]
[WhiteTeam "United States"]
[BlackTeam "South Africa"]
[WhiteTeamCountry "USA"]
[BlackTeamCountry "RSA"]

1. e4 c5 2. Nf3 d6 3. Bc4 Nc6 4. Ng5 Ne5 5. d3 h6 6. Nf3 Bg4 7. Nbd2 Nf6 8. 0-0 e6 9. b3 Qa5 10. d4 cxd4 11. Qe2 Rc8 12. Bb2 Nxf3+ 13. Nxf3 e5 14. a4 Be7 15. Bb5+ Nd7 16. Bxd7+ Bxd7 17. Rfd1 0-0 18. b4 Qxb4 19. Ba3 Qa5 20. Rdb1 Qc3 21. Qe1 Qxe1+ 22. Nxe1 Bc6 23. Nd3 Rc7 24. f3 Bxa4 25. Bxd6 Bxd6 26. Rxa4 a6 27. Nb4 Rc4 28. Kf1 b5 29. Rxa6 Bxb4 30. Rb6 Bc5 31. R6xb5 Rxc2 32. Rb8 Rxb8 33. Rxb8+ Bf8 34. Ke1 Rxg2 35. Re8 f6 0-1

[Event "IECC CL7-2001.26"]
[Site "IECC email"]
[Date "2001.01.05"]
[Round "?"]
[White "Hilton, Jim"]
[Black "Sturge, Kevin"]
[Result "1-0"]
[WhiteElo "1071"]
[BlackElo "1068"]
[PlyCount "47"]
[EventDate "2001.??.??"]
[EventType "tourn (corr)"]
[EventRounds "4"]
[SourceTitle "Corr 2008"]
[Source "ChessBase"]
[SourceDate "2008.06.24"]
[SourceVersion "1"]
[SourceVersionDate "2008.06.24"]
[SourceQuality "1"]

1. e4 e5 2. Nf3 Nc6 3. Bc4 Nf6 4. d3 d5 5. exd5 Nxd5 6. 0-0 Be6 7. Nbd2 Bd6 8. Ne4 Qe7 9. b3 Bg4 10. Bxd5 Nd4 11. Bxb7 Rb8 12. Bd5 Nxf3+ 13. gxf3 Bh3 14. Re1 0-0 15. f4 exf4 16. Qh5 Be6 17. Ng5 h6 18. Nxe6 fxe6 19. Rxe6 Qg5+ 20. Qxg5 hxg5 21. Rxd6+ Kh7 22. Be4+ Kh8 23. Rg6 Rb5 24. Bb2 1-0

[Event "IECC CL7-2001.26"]
[Site "IECC email"]
[Date "2001.01.05"]
[Round "?"]
[White "Seidler, David W"]
[Black "Hilton, Jim"]
[Result "0-1"]
[WhiteElo "985"]
[BlackElo "1070"]
[PlyCount "42"]
[EventDate "2001.??.??"]
[EventType "tourn (corr)"]
[EventRounds "4"]
[SourceTitle "Corr 2008"]
[Source "ChessBase"]
[SourceDate "2008.06.24"]
[SourceVersion "1"]
[SourceVersionDate "2008.06.24"]
[SourceQuality "1"]

1. e4 e5 2. Nc3 Nf6 3. Bc4 Bc5 4. d3 0-0 5. Nf3 d6 6. Na4 b6 7. Nxc5 bxc5 8. 0-0 Nc6 9. Bg5 h6 10. Bd2 Bg4 11. h4 Nd4 12. c3 Nxf3+ 13. gxf3 Bh3 14. Re1 Nh5 15. f4 Qxh4 16. Qf3 exf4 17. e5 g5 18. exd6 g4 19. Qe4 g3 20. Qg6+ Ng7 21. fxg3 fxg3 0-1

[Event "IECC M email"]
[Site "IECC email"]
[Date "2000.10.05"]
[Round "?"]
[White "White, Keith L"]
[Black "Hilton, Jim"]
[Result "1-0"]
[WhiteElo "1231"]
[BlackElo "1211"]
[PlyCount "25"]
[EventDate "2000.??.??"]
[EventType "tourn (corr)"]
[EventRounds "2"]
[SourceTitle "Corr 2008"]
[Source "ChessBase"]
[SourceDate "2008.06.24"]
[SourceVersion "1"]
[SourceVersionDate "2008.06.24"]
[SourceQuality "1"]

1. d4 e6 2. e4 d5 3. Nd2 dxe4 4. Nxe4 Nf6 5. Nxf6+ Qxf6 6. Nf3 Bd6 7. Bg5 Qf5 8. Bd3 Qa5+ 9. c3 0-0 10. 0-0 b6 11. b4 Qa3 12. Qc2 h6 13. Bc1 1-0

[Event "IECC M email"]
[Site "IECC email"]
[Date "1999.11.17"]
[Round "?"]
[White "Jost, Marcelo"]
[Black "Hilton, Jim"]
[Result "1/2-1/2"]
[WhiteElo "1226"]
[BlackElo "1200"]
[PlyCount "37"]
[EventDate "1999.??.??"]
[EventType "tourn (corr)"]
[EventRounds "6"]
[SourceTitle "Corr 2008"]
[Source "ChessBase"]
[SourceDate "2008.06.24"]
[SourceVersion "1"]
[SourceVersionDate "2008.06.24"]
[SourceQuality "1"]

1. e4 c5 2. Nf3 e6 3. d4 cxd4 4. Nxd4 Nf6 5. Nc3 Bb4 6. e5 Nd5 7. Bd2 0-0 8. Nxd5 Bxd2+ 9. Qxd2 exd5 10. Be2 Nc6 11. Nf3 d6 12. exd6 Qxd6 13. 0-0 Qf6 14. c3 Be6 15. Ng5 Rad8 16. Bd3 Bf5 17. Bxf5 Qxf5 18. Nf3 Rfe8 19. Rfe1 1/2-1/2